000 00646nam a2200229Ia 4500
003 OSt
005 20220925215313.0
006 a|||||r|||| 00| 0
007 ta
008 220923b |||||||| |||| 00| 0 eng d
037 _cGeneral Book
040 _aRTL
_cRTL
_beng
041 _2eng
_aeng
082 _aX: (B), M0
100 _aCarter Roger
_9282529
245 0 _aQuantitative methods for business students
260 _aLondon
_bHeinemann UK
_c1980
300 _aviii, 220p. Appendix p 193-202
_ccm.
650 _aMathematics Economics
942 _hX: (B), M0
_cGB
_2CC
999 _c568424
_d568424